MESTSKÁ KNIŽNICA GIRALTOVCE  - online katalóg 

Hrdina z nočného autobusu (Record no. 24127)

000 -NÁVESTIE
fixed length control field 01568cam a2200421 4500
001 - EVIDENČNÉ ČÍSLO ZÁZNAMU - Kontrolné číslo
control field vtls012248277
005 - DÁTUM A ČAS POSLEDNEJ TRANSAKCIE
control field 20260107134252.0
008 - ÚDAJE S PEVNOU DĹŽKOU – VŠEOBECNÉ INFORMÁCIE
fixed length control field 240118s2023 xo a c 010 j slo
020 ## - MEDZINÁRODNÉ ŠTANDARDNÉ ČÍSLO KNIHY (ISBN)
Medzinárodné štandardné číslo knihy (ISBN) 9788082034588
Qualifying information (brožované)
040 ## - ZDROJ KATALOGIZÁCIE
Pôvodná katalogizujúca agentúra SNK
Jazyk katalogizácie slo
Prepisujúca agentúra SNK
Konvencie popisu rda
041 1# - KÓD JAZYKA
Kód jazyka textu/zvukovej stopy alebo samostatných nápisov slo
Kód jazyka originálu a/alebo sprostredkujúcich prekladov textu eng
044 ## - KÓD KRAJINY VYDAVATEĽA/PRODUCENTA
Kód krajiny MARC xo
Kód krajiny ISO SK
072 #7 - KÓD PREDMETOVEJ KATEGÓRIE
Kód predmetovej kategórie 821.111
Pododdiel kódu predmetovej kategórie Anglická literatúra, anglicky písaná
Zdroj konspekt
072 #7 - KÓD PREDMETOVEJ KATEGÓRIE
Kód predmetovej kategórie 821-93
Pododdiel kódu predmetovej kategórie Literatúra pre deti a mládež (beletria)
Zdroj konspekt
080 ## - ČÍSLO MEDZINÁRODNÉHO DESATINNÉHO TRIEDENIA (MDT)
Číslo Medzinárodného desatinného triedenia (MDT) 821.111-32
Identifikátor vydania 2011
080 ## - ČÍSLO MEDZINÁRODNÉHO DESATINNÉHO TRIEDENIA (MDT)
Číslo Medzinárodného desatinného triedenia (MDT) 82-93-053.4/.5
Identifikátor vydania 2011
100 1# - OSOBNÉ MENÁ – VŠEOBECNÉ INFORMÁCIE
Osobné meno Raúf, Onjali Q.,
Dátumy súvisiace s menom 1981-
Kód roly aut
-- 5391
240 14 - UNIFIKOVANÝ NÁZOV
Unifikovaný názov The night bus hero
Jazyk diela Slovensky
245 10 - NÁZOV
Názov Hrdina z nočného autobusu
Údaj o zodpovednosti atď. Onjali Q. Raúf ; preložila Kristína Kováčik Bartová
264 #1 - VYDAVATEĽSKÉ ÚDAJE, DISTRIBÚCIA ATĎ. - RDA
Miesto publikovania, distribúcie atď. Žilina
Názov vydavateľa, distibútora atď. Absynt
Dátum publikovania, distribúcie atď. 2023
300 ## - FYZICKÝ POPIS
Rozsah 288 strán, 24 nečíslovaných strán
Ďalšie fyzické detaily ilustrácie
Rozmery 20 cm
336 ## - TYP OBSAHU
Typ obsahu - termín text
Typ obsahu - kód txt
Zdroj rdacontent
337 ## - TYP MÉDIA
Typ média - termín bez média
Typ média - kód n
Zdroj rdamedia
338 ## - TYP NOSIČA
Typ nosiča - termín zväzok
Typ nosiča - kód nc
Zdroj rdacarrier
500 ## - VŠEOBECNÁ POZNÁMKA
Formátovaná poznámka o obsahu Preložené z angličtiny
500 ## - VŠEOBECNÁ POZNÁMKA
Formátovaná poznámka o obsahu Obsahuje stručné biografické údaje o autorke a prekladateľke
655 #7 - INDEXAČNÝ TERMÍN – ŽÁNER/FORMA
Údaje o žánri/forme alebo termín, ktorý je prvok fazety anglické príbehy
Zdroj termínu SNKPH
-- 2287
655 #7 - INDEXAČNÝ TERMÍN – ŽÁNER/FORMA
Údaje o žánri/forme alebo termín, ktorý je prvok fazety literatúra pre deti a mládež
Zdroj termínu SNKPH
-- 3915
655 #7 - INDEXAČNÝ TERMÍN – ŽÁNER/FORMA
Údaje o žánri/forme alebo termín, ktorý je prvok fazety English stories
Zdroj termínu SNKPHeng
-- 2875
655 #7 - INDEXAČNÝ TERMÍN – ŽÁNER/FORMA
Údaje o žánri/forme alebo termín, ktorý je prvok fazety Children's and juvenile literature
Zdroj termínu SNKPHeng
-- 3916
700 1# - PRIDANÝ VSTUP – OSOBNÉ MENO
Osobné meno Kováčik Bartová, Kristína
Kód roly trl
-- 5392
700 1# - PRIDANÝ VSTUP – OSOBNÉ MENO
Osobné meno Curnick, Pippa
Kód roly ill
-- 5393
700 1# - PRIDANÝ VSTUP – OSOBNÉ MENO
Osobné meno Bartová, Zuzana
Tituly a iné slová súvisiace s menom (ilustrátorka)
Kód roly bkd
-- bjd
-- ill
-- 5394
958 ## - Formálny deskriptor
Formálny deskriptor LX
958 ## - Formálny deskriptor
Formálny deskriptor DB
958 ## - Formálny deskriptor
Formálny deskriptor UP
Holdings
Stav stiahnutia (Blokovanie) (Withrawn status) Stav straty Zdroj klasifikácie pre skladovanie Stav poškodenia (Damaged status) Nie pre výpožičky (Not for loan) Spôsob nadobudnutia (Collection code) Trvalé umiestnenie Aktuálne umiestnenie Dátum nadobudnutia Náklady, bežná kúpna cena Inventárne číslo (prírastkové číslo) Full call number Čiarový kód Dátum posledného výskytu Cena s účinnosťou od Typ jednotky Koha
          Kúpa Mestská knižnica Giraltovce Mestská knižnica Giraltovce 2026-01-07 14.14 22503 B11019 B11019 2026-01-07 2026-01-07 Krásna literatúra pre dospelých

Powered by Koha